Entre la equidad y el crecimiento (Registro nro. 5032)

Detalles MARC
000 -LEADER
fixed length control field 00893 a2200241 4500
001 - CONTROL NUMBER
control field 52917
005 - DATE AND TIME OF LATEST TRANSACTION
control field 20260407155803.0
008 - FIXED-LENGTH DATA ELEMENTS--GENERAL INFORMATION
fixed length control field 260407a2004 arg spa d
003 - CONTROL NUMBER IDENTIFIER
control field AR-UNSa-BCEJYS
040 ## - CATALOGING SOURCE
Original cataloging agency AR-UNSa-BCEJYS
Language of cataloging spa
Transcribing agency AR-UNSa-BCEJYS
080 ## - UNIVERSAL DECIMAL CLASSIFICATION NUMBER
Universal Decimal Classification number 94(82):33
Common auxiliary subdivision Historia Económica Argentina
020 ## - INTERNATIONAL STANDARD BOOK NUMBER
International Standard Book Number 987-1105-64-9
041 ## - LANGUAGE CODE
Language code of text/sound track or separate title spa
100 1# - MAIN ENTRY--PERSONAL NAME
Personal name Gerchunoff, Pablo
245 10 - TITLE STATEMENT
Title Entre la equidad y el crecimiento
Name of part/section of a work ascenso y caída de la economía argentina, 1880-2003
264 #1 - PRODUCTION, PUBLICATION, DISTRIBUTION, MANUFACTURE, AND COPYRIGHT NOTICE
Place of production, publication, distribution, manufacture Buenos Aires :
Name of producer, publisher, distributor, manufacturer Siglo XXI Editores Argentina
Date of production, publication, distribution, manufacture, or copyright notice 2004
300 ## - PHYSICAL DESCRIPTION
Extent 126 p.
Dimensions 17 cm.
505 ## - FORMATTED CONTENTS NOTE
Formatted contents note 1. Introducción: de Bering a Baring - 2. Entre dos crisis(1980-2001) - 3. Desde el presente
590 ## - LOCAL NOTE (RLIN)
Local note niveau_biblio:m niveau_hierar:0
700 1# - ADDED ENTRY--PERSONAL NAME
Personal name Llach, Lucas
856 41 - ELECTRONIC LOCATION AND ACCESS
Uniform Resource Identifier <a href="https://www.biblioeco.unsa.edu.ar/pmb/images/libros/L128354.jpg">https://www.biblioeco.unsa.edu.ar/pmb/images/libros/L128354.jpg</a>
Link text Imagen de portada
Electronic format type image/jpeg
942 ## - ADDED ENTRY ELEMENTS (KOHA)
Koha item type
Existencias
Withdrawn status Lost status Damaged status Not for loan Home library Current library Shelving location Date acquired Total checkouts Full call number Barcode Date last seen Price effective from Koha item type
        Biblioteca Prof. Eusebio Cleto del Rey Biblioteca Prof. Eusebio Cleto del Rey   07/04/2026   94(82):33 G365 L128354 07/04/2026 07/04/2026 Libro